Handbook Of Poultry Production (Record no. 216168)
[ view plain ]
| 000 -LEADER | |
|---|---|
| fixed length control field | 00524nam a22001937a 4500 |
| 008 - FIXED-LENGTH DATA ELEMENTS--GENERAL INFORMATION | |
| fixed length control field | 251112b |||||||| |||| 00| 0 eng d |
| 020 ## - INTERNATIONAL STANDARD BOOK NUMBER | |
| International Standard Book Number | 979-8-88715-016-1 |
| 050 ## - LIBRARY OF CONGRESS CALL NUMBER | |
| Classification number | SF 488.K86 2023 |
| Item number | C.1 |
| 100 ## - MAIN ENTRY--PERSONAL NAME | |
| Personal name | KUMAR Ashwani |
| 245 ## - TITLE STATEMENT | |
| Title | Handbook Of Poultry Production |
| 250 ## - EDITION STATEMENT | |
| Edition statement | First Edition |
| 260 ## - PUBLICATION, DISTRIBUTION, ETC. | |
| Place of publication, distribution, etc. | USA |
| Name of publisher, distributor, etc. | Oryson Press |
| Date of publication, distribution, etc. | 2023 |
| 300 ## - PHYSICAL DESCRIPTION | |
| Extent | VIII-296P. |
| 500 ## - GENERAL NOTE | |
| General note | It has bibliographic Information |
| 650 ## - SUBJECT ADDED ENTRY | |
| Topical term or geographic name entry element | Poultry Production |
| 700 ## - ADDED ENTRY--PERSONAL NAME | |
| Personal name | Kumar Ashwani |
| 942 ## - ADDED ENTRY ELEMENTS (KOHA) | |
| Source of classification or shelving scheme | Library of Congress Classification |
| Koha item type | Long Loan Book |
| Withdrawn status | Lost status | Source of classification or shelving scheme | Damaged status | Not for loan | Collection | Home library | Current library | Shelving location | Date acquired | Inventory number | Total checkouts | Full call number | Barcode | Date last seen | Copy number | Price effective from | Koha item type | Date last checked out |
|---|---|---|---|---|---|---|---|---|---|---|---|---|---|---|---|---|---|---|
| Library of Congress Classification | Science & Technology | Kisii University Library | Kisii University Library | On Display | 11/12/2025 | 109697 | SF 488.K86 2023 | 000000024812 | 11/12/2025 | C.1 | 11/12/2025 | Long Loan Book | ||||||
| Library of Congress Classification | Science & Technology | Kisii University Library | Kisii University Library | On Display | 11/12/2025 | 109698 | SF 488.K86 2023 | 000000024809 | 11/12/2025 | C.2 | 11/12/2025 | Long Loan Book | ||||||
| Library of Congress Classification | Science & Technology | Kisii University Library | Kisii University Library | On Display | 11/12/2025 | 109699 | SF 488.K86 2023 | 000000024808 | 11/12/2025 | C.3 | 11/12/2025 | Long Loan Book | ||||||
| Library of Congress Classification | Science & Technology | Kisii University Library | Kisii University Library | On Display | 11/12/2025 | 109700 | 1 | SF 488 .K86 2023 | 000000024807 | 01/29/2026 | C.4 | 11/12/2025 | Long Loan Book | 01/27/2026 |